[Event "Novokuznetsk op"]
[Site "Novokuznetsk"]
[Date "2008.11.26"]
[Round "3"]
[White "Kuznetsov, Kostja"]
[Black "Storchak, Vitalij"]
[Result "1-0"]
[WhiteElo "1992"]
[BlackElo "2172"]
[PlyCount "51"]
[EventDate "2008.11.22"]
[EventType "swiss"]
[EventRounds "9"]
[EventCountry "RUS"]
[SourceTitle "CBM 127 Extra"]
[Source "ChessBase"]
[SourceDate "2009.01.08"]
[SourceVersion "2"]
[SourceVersionDate "2009.01.28"]
[SourceQuality "1"]

1. e4 d6 2. d4 Nf6 3. Nc3 a6 4. Bg5 e6 5. Bd3 h6 6. Bh4 Nc6 7. Nge2 Be7 8. Bg3 Nh5 9. d5 Nxg3 10. hxg3 Ne5 11. f4 Nxd3+ 12. Qxd3 Bf6 13. 0-0-0 Bd7 14. Qe3 0-0 15. e5 dxe5 16. Ne4 exf4 17. gxf4 Qe7 18. N2g3 exd5 19. Nxf6+ Qxf6 20. Rxd5 Bc6 21. Ne4 Qe6 22. f5 Qe8 23. f6 Qe6 24. Rxh6 Qxd5 25. Qg3 g5 26. Qh3 1-0

[Event "Novokuznetsk op"]
[Site "Novokuznetsk"]
[Date "2008.11.22"]
[Round "1"]
[White "Lomantsov, Evgenij"]
[Black "Kuznetsov, Kostja"]
[Result "1-0"]
[WhiteElo "2350"]
[BlackElo "1992"]
[PlyCount "65"]
[EventDate "2008.11.22"]
[EventType "swiss"]
[EventRounds "9"]
[EventCountry "RUS"]
[SourceTitle "CBM 127 Extra"]
[Source "ChessBase"]
[SourceDate "2009.01.08"]
[SourceVersion "2"]
[SourceVersionDate "2009.01.28"]
[SourceQuality "1"]

1. c4 g6 2. Nc3 Bg7 3. h4 Nf6 4. e4 d6 5. Be2 h6 6. d4 Nh7 7. Be3 c6 8. Qd2 Nf6 9. f3 Qc7 10. g4 b6 11. 0-0-0 Nbd7 12. Kb1 Bb7 13. h5 gxh5 14. gxh5 0-0-0 15. f4 e5 16. fxe5 dxe5 17. d5 Bf8 18. Bf3 a6 19. Nge2 Ne8 20. dxc6 Bxc6 21. Nd5 Bxd5 22. Qxd5 Qb7 23. Qxf7 Nd6 24. Qe6 Re8 25. Qg6 Be7 26. Rxd6 Bxd6 27. Qxd6 Qc7 28. Qd5 Nf6 29. Qa8+ Kd7 30. Qxa6 Rb8 31. Nc3 Rhg8 32. Qb5+ Ke7 33. Bf2 1-0

[Event "Benidorm op 20th"]
[Site "Benidorm"]
[Date "2007.04.23"]
[Round "2"]
[White "Strikovic, Aleksa"]
[Black "Kuznetsov, Kostja"]
[Result "1/2-1/2"]
[WhiteElo "2563"]
[BlackElo "2018"]
[PlyCount "118"]
[EventDate "2007.04.23"]
[EventType "swiss"]
[EventRounds "10"]
[EventCountry "ESP"]
[SourceTitle "CBM 118 Extra"]
[Source "ChessBase"]
[SourceDate "2007.07.04"]
[SourceVersion "1"]
[SourceVersionDate "2007.07.04"]
[SourceQuality "1"]

1. c4 Nf6 2. Nc3 c6 3. e4 e5 4. Nf3 Qc7 5. d4 d6 6. Be2 Be7 7. 0-0 0-0 8. Re1 Re8 9. Rb1 Bf8 10. d5 Nbd7 11. b4 a6 12. Bd2 g6 13. Qc2 c5 14. a3 b6 15. Rb2 Nh5 16. Reb1 Nf4 17. Bf1 Nf6 18. bxc5 bxc5 19. Na4 Ra7 20. Nb6 Bg4 21. Ne1 Nxe4 22. Bxf4 exf4 23. f3 Bg7 24. fxe4 Bd4+ 25. Kh1 Bxb2 26. Rxb2 Qe7 27. Na4 f5 28. Nd3 fxe4 29. Nxf4 Rf8 30. Qc1 e3 31. Ne6 Bxe6 32. dxe6 Qxe6 33. Be2 Raf7 34. Rb3 Rf2 35. Nc3 Qg4 36. Qg1 Rxe2 37. Nxe2 Qxe2 38. Rxe3 Qxc4 39. Re1 Qd3 40. Rd1 Qe2 41. h3 d5 42. Rb1 d4 43. Qc1 c4 44. Qg5 Rf1+ 45. Rxf1 Qxf1+ 46. Kh2 d3 47. h4 Qf5 48. Qd8+ Qf8 49. Qd5+ Qf7 50. Qd8+ Qf8 51. Qd5+ Qf7 52. Qd8+ Kg7 53. Qd4+ Kf8 54. Kg1 Ke8 55. a4 Qe6 56. a5 Qe1+ 57. Kh2 Qe6 58. Kg1 Qe1+ 59. Kh2 d2 1/2-1/2